| 000 | 01844cam a22003491i 4500 | ||
|---|---|---|---|
| 003 | SA-RiAUC | ||
| 005 | 20250328140132.0 | ||
| 008 | 250328s1991 le g b 00000 ara c | ||
| 040 |
_aSA-RiAUC _bara _cSA-RiAUC _erda |
||
| 082 | 0 | 4 |
_a251.6 _qSA-RiAUC |
| 090 |
_a251.6 _b م ح م |
||
| 100 | 1 |
_aمحمد البدر، محمد بن أبي بكر بن سليمان، _dتوفي 1062 هجري _eمؤلف. |
|
| 245 | 1 | 2 |
_aالاعتناء في الفرق والاستثناء : _bكتاب يبحث في قواعد الفقه وفروعه / _cتأليف بدر الدين محمد بن أبي بكر بن سليمان البكري الشافعي ؛ تحقيق عادل أحمد عبد الموجود، علي محمد معوض ؛ قدم له وقرظه محمد أنيس عبادة. |
| 246 | 3 | 0 | _aقواعد الفقه وفروعه |
| 250 | _aالطبعة الأولى. | ||
| 264 | 1 |
_aبيروت : _bدار الكتب العلمية، _c1991 |
|
| 300 |
_a2 مجلد ؛ _c24 سم |
||
| 336 |
_aنص _btxt _2rdacontent _3كتاب |
||
| 337 |
_aبدون وسيط _bn _2rdamedia |
||
| 338 |
_aمجلد _bnc _2rdacarrier |
||
| 500 | _aطبعة جامعة ام القرى بعنوان : الاستغناء في الفرق و الاستثناء تحقيق سعود بن مسعد مساعد الثبيتي | ||
| 504 | _aببليوجرافية : صفحة 1204-1208. | ||
| 650 | 7 |
_aالفقه الشافعي _2aucsh |
|
| 650 | 7 |
_aأصول الفقه الإسلامي _2aucsh |
|
| 650 | 7 |
_aالعبادات (فقه إسلامي) _2aucsh |
|
| 650 | 7 |
_aالمعاملات (فقه إسلامي) _2aucsh |
|
| 700 | 1 |
_aعبد الموجود، عادل أحمد _eمحقق. |
|
| 700 | 1 |
_aمعوض، علي محمد _eمحقق. |
|
| 700 | 1 |
_aعبادة، محمد أنيس _eمقدم. |
|
| 942 |
_2ddc _cBOOK _n0 |
||
| 949 |
_aSA-JeALM _d250328 _ueid123 _n1 |
||
| 999 |
_c6680 _d6680 |
||